000 01693nam0a2200349 4500
001 RU\NLR\bibl\895180
005 20250614174102.0
010 _a5-85187-120-2
_bв пер.
021 _aRU
_b2005-67923
_93347
035 _a(nilc)RSL-KNO-002757253
035 _a(NLR Aleph) 000883651
090 _a1674686
_c1674686
100 _a20051025d2006 |||y0rusy50 ca
101 0 _arus
102 _aRU
105 _ay |||||||||
106 _ar
200 1 _aФинансовый анализ в коммерческом банке
_eучебное пособие для студентов, обучающихся по специальности "Финансы и кредит"
_fВ.Е. Черкасов
210 _aМосква
_cКонсалтбанкир
_d2006
_gППП Тип. Наука
215 _a319, [1] с.
_d21
320 _aБиблиогр.: с. 287-290 (13 назв.)
606 1 _aКоммерческие банки
_jУчебные издания для высших учебных заведений
_xФинансовый анализ
_92264022
_3RU\NLR\auth\661357285
610 0 _aЭкономика -- Экономический анализ -- Российская Федерация -- Финансы -- Кредитная система -- Коммерческие банки -- Учебник для высшей школы
686 _aУ053.9(2)262.101я73-1
_2rubbk
686 _aУ052.9(2)226.210.1я73
700 1 _aЧеркасов
_bВ. Е.
_gВладимир Евгеньевич
_4070
801 0 _aRU
_bRuMoRKP
_c20051025
_grcr
801 1 _aRU
_bRuMoRGB
_c20051025
801 2 _aRU
_bNLR
_c20060110
_grcr
942 _cBOOK
980 _aNB